<?xml version="1.0" encoding="UTF-8"?>
<marc:record xmlns:marc="http://www.loc.gov/MARC21/slim">
   <marc:leader>00000nam a2200000 a 4500</marc:leader>
   <marc:datafield ind1="0" ind2="0" tag="245">
      <marc:subfield code="a">Der Hobbit: Smaugs Einöde</marc:subfield>
   </marc:datafield>
   <marc:datafield ind1=" " ind2="1" tag="264">
      <marc:subfield code="c">2013</marc:subfield>
   </marc:datafield>
   <marc:datafield ind1="1" ind2=" " tag="520">
      <marc:subfield code="a">Peter Jackson setzt seine Saga von Mittelerde fort und präsentiert in Der Hobbit: Smaugs Einödedie Abenteuer von Bilbo Beutlin, der seine epische Mission fortführt: Zusammen mit Zauberer Gandalf und 13 Zwergen unter der Führung von Thorin Eichenschild versucht er das verlorene Zwergenreich Erebor zu befreien. Die Gefährten erreichen schließlich den Einsamen Berg, wo sie sich der größten Gefahr stellen müssen - einem Monster, das alle bisherigen an Grässlichkeit übertrifft: Der Drache Smaug fordert nicht nur den ganzen Mut der Gefährten heraus, sondern stellt auch ihre Freundschaft auf eine harte Probe - bis sie sich schließlich fragen müssen, ob ihre Reise überhaupt noch einen Sinn ergibt.</marc:subfield>
   </marc:datafield>
   <marc:datafield ind1=" " ind2=" " tag="041">
      <marc:subfield code="a">ger</marc:subfield>
   </marc:datafield>
   <marc:datafield ind1="1" ind2=" " tag="521">
      <marc:subfield code="a">FSK ab 12 freigegeben</marc:subfield>
   </marc:datafield>
   <marc:datafield ind1="1" ind2=" " tag="521">
      <marc:subfield code="a">12</marc:subfield>
   </marc:datafield>
   <marc:datafield ind1=" " ind2=" " tag="338">
      <marc:subfield code="a">Filmkassette</marc:subfield>
   </marc:datafield>
</marc:record>
